|
|
|
|
| LEADER |
00834cam a2200229 7i4500 |
| 001 |
0000002990 |
| 005 |
20170218090000.0 |
| 020 |
|
|
|a 0130161438 (pbk.)
|
| 020 |
|
|
|a 9780130161437
|
| 090 |
0 |
0 |
|a QA76.625
|b .D45 2000
|
| 100 |
1 |
|
|a Deitel, H. M
|
| 245 |
1 |
0 |
|a Internet and World Wide Web :
|b how to program
|c H.M. Deitel, P.J. Deitel, T.R. Nieto.
|
| 260 |
|
|
|a Upper Saddle River:
|b Prentice Hall,
|c 2000.
|
| 300 |
|
|
|a xliv, 1157 p.:
|b col. ill.;
|c 24 cm..
|
| 490 |
0 |
|
|a How to program series
|
| 650 |
0 |
0 |
|a World Wide Web
|
| 650 |
0 |
0 |
|a Internet programming
|
| 700 |
1 |
|
|a Nieto, T. R
|
| 700 |
1 |
|
|a Deitel, P. J
|
| 997 |
|
|
|a Communication, Visual Art & Computing, Faculty
|b Computing, Department
|
| 999 |
|
|
|a 0000009005
|b BOK
|c OPEN SHELF
|e 2nd Floor, Bestari Jaya
|
| 999 |
|
|
|a CDR0000431
|b CD-ROM
|c OPEN SHELF
|e Circulation Counter, Bestari Jaya
|